[Event "SVK-chT2B 2122"]
[Site "Slovakia"]
[Date "2021.11.13"]
[Round "3.3"]
[White "Hanko, Pavol"]
[Black "Balogh, Peter1111"]
[Result "0-1"]
[WhiteElo "2086"]
[BlackElo "2049"]
[PlyCount "88"]
[EventDate "2021.10.16"]
[EventType "team-tourn"]
[EventRounds "11"]
[EventCountry "SVK"]
[SourceTitle "EXT 2023"]
[Source "ChessBase"]
[SourceDate "2022.10.05"]
[SourceVersion "1"]
[SourceVersionDate "2022.10.05"]
[SourceQuality "1"]
[WhiteTeam "Prievidza"]
[BlackTeam "Komarno II"]
[WhiteTeamCountry "SVK"]
[BlackTeamCountry "SVK"]

1. d4 Nf6 2. Nf3 c5 3. d5 e6 4. c4 exd5 5. cxd5 d6 6. Nc3 g6 7. e4 Bg7 8. Be2 0-0 9. 0-0 Bg4 10. h3 Bxf3 11. Bxf3 a6 12. a4 Nbd7 13. Bf4 Ne8 14. Qd2 Ne5 15. Be2 f5 16. exf5 Rxf5 17. Bg4 Nxg4 18. hxg4 Rf7 19. Bg5 Qd7 20. f3 Nc7 21. Ne4 Re8 22. Rfd1 Re5 23. Nc3 h5 24. gxh5 Qf5 25. Bh6 gxh5 26. Bxg7 Rxg7 27. Qd3 Qh3 28. Rd2 h4 29. Ne4 Nxd5 30. Rf1 Rxg2+ 31. Rxg2+ Qxg2+ 32. Kxg2 Nf4+ 33. Kh2 Nxd3 34. Nxd6 Nxb2 35. Nxb7 c4 36. Rc1 Re3 37. Na5 c3 38. Nb3 Rxf3 39. a5 Nc4 40. Rg1+ Kf7 41. Rg4 Nd2 42. Nd4 Rd3 43. Nc2 Nf3+ 44. Kh1 h3 0-1

[Event "SVK-chT2B 2122"]
[Site "Slovakia"]
[Date "2021.10.17"]
[Round "2.2"]
[White "Kovac, Lubomir2222"]
[Black "Hanko, Pavol"]
[Result "0-1"]
[WhiteElo "2092"]
[BlackElo "2109"]
[PlyCount "90"]
[EventDate "2021.10.16"]
[EventType "team-tourn"]
[EventRounds "11"]
[EventCountry "SVK"]
[SourceTitle "EXT 2023"]
[Source "ChessBase"]
[SourceDate "2022.10.05"]
[SourceVersion "1"]
[SourceVersionDate "2022.10.05"]
[SourceQuality "1"]
[WhiteTeam "Sala Slovan Duslo"]
[BlackTeam "Prievidza"]
[WhiteTeamCountry "SVK"]
[BlackTeamCountry "SVK"]

1. d4 Nf6 2. c4 g6 3. Nc3 Bg7 4. e4 d6 5. f3 0-0 6. Be3 Nc6 7. Nge2 Rb8 8. Qd2 Re8 9. g4 a6 10. Ng3 e5 11. d5 Nd4 12. Bg2 c5 13. h4 b5 14. Rb1 b4 15. Nce2 b3 16. axb3 Rxb3 17. Nc3 Rb4 18. h5 Rxc4 19. Bh6 Bh8 20. Bg5 Qa5 21. Kf2 Qb6 22. Bf1 Rb4 23. Kg2 Re7 24. Be2 Rb7 25. Nd1 Bd7 26. hxg6 fxg6 27. Bxf6 Bxf6 28. Qh6 Ba4 29. Nc3 Bc2 30. Ra1 Nxe2 31. Ncxe2 Bd3 32. Nc3 Rxb2+ 33. Kh3 Rb3 34. Qd2 c4 35. Nd1 Ra7 36. Ra2 a5 37. Nc3 Qb4 38. Qe3 Qb8 39. Qd2 Qd8 40. Nd1 Bg5 41. Qf2 Ra8 42. Qh2 Bf4 43. Kg2 Qe7 44. Qh3 Bxg3 45. Kxg3 Bxe4 0-1

[Event "SVK-chT2B 2122"]
[Site "Slovakia"]
[Date "2021.10.16"]
[Round "1.1"]
[White "Farkas, Gabor"]
[Black "Hanko, Pavol"]
[Result "1-0"]
[WhiteElo "2343"]
[BlackElo "2109"]
[PlyCount "81"]
[EventDate "2021.10.16"]
[EventType "team-tourn"]
[EventRounds "11"]
[EventCountry "SVK"]
[SourceTitle "EXT 2023"]
[Source "ChessBase"]
[SourceDate "2022.10.05"]
[SourceVersion "1"]
[SourceVersionDate "2022.10.05"]
[SourceQuality "1"]
[WhiteTeam "Surany"]
[BlackTeam "Prievidza"]
[WhiteTeamCountry "SVK"]
[BlackTeamCountry "SVK"]

1. e4 c5 2. Nf3 e6 3. d4 cxd4 4. Nxd4 Nf6 5. Nc3 d6 6. g4 h6 7. h4 Nc6 8. Rg1 h5 9. g5 Ng4 10. Be2 Qb6 11. Bxg4 Qxd4 12. Qxd4 Nxd4 13. Bd1 Bd7 14. Be3 Nb5 15. Ne2 d5 16. g6 f5 17. e5 Be7 18. a4 Nc7 19. Rh1 Na6 20. Nf4 Nb4 21. c3 Nc6 22. Nxh5 Kf8 23. Bd4 Nxd4 24. cxd4 Be8 25. Nf4 Bxh4 26. Bh5 Bd8 27. Nxe6+ Ke7 28. Nf4 Rc8 29. Kd2 Rc4 30. Kd3 Rxa4 31. Nxd5+ Kf8 32. Rxa4 Bxa4 33. Nf4 Bb5+ 34. Kc3 Ba5+ 35. b4 Bb6 36. Bf3 Rxh1 37. Bxh1 Bc6 38. d5 Be8 39. d6 Bxf2 40. e6 Be3 41. Bd5 1-0

[Event "SVK-chT1E 1920"]
[Site "Slovakia"]
[Date "2020.06.21"]
[Round "11.6"]
[White "Hanko, Pavol"]
[Black "Panko, Eduard1111"]
[Result "1/2-1/2"]
[WhiteElo "2104"]
[BlackElo "1969"]
[PlyCount "72"]
[EventDate "2019.10.12"]
[EventType "team-tourn"]
[EventRounds "11"]
[EventCountry "SVK"]
[SourceTitle "EXT 2022"]
[Source "ChessBase"]
[SourceDate "2021.10.06"]
[SourceVersion "1"]
[SourceVersionDate "2021.10.06"]
[SourceQuality "1"]
[WhiteTeam "Dunajov Inbest II"]
[BlackTeam "Bardejov"]
[WhiteTeamCountry "SVK"]
[BlackTeamCountry "SVK"]

1. d4 g6 2. Nf3 Bg7 3. c4 f5 4. Nc3 c5 5. d5 Bxc3+ 6. bxc3 Qa5 7. Qc2 Nf6 8. Nd2 d6 9. e3 Nbd7 10. Be2 Ne5 11. h3 Bd7 12. a4 0-0-0 13. 0-0 Rdg8 14. f4 Nf7 15. Bd3 Rg7 16. Ra2 Qc7 17. Kh2 h5 18. Nf3 Ne4 19. Nd2 Nxd2 20. Bxd2 Rhg8 21. Rf2 Nh6 22. Re2 e6 23. e4 Re7 24. Be1 exd5 25. exd5 Rxe2 26. Bxe2 Qd8 27. Bf3 Qe7 28. Bf2 Nf7 29. Qb1 Nd8 30. Re2 Qf6 31. Qe1 g5 32. fxg5 Qxg5 33. Qd2 f4 34. a5 Bg4 35. Qd3 Bxf3 36. Qxf3 Rf8 1/2-1/2

[Event "SVK-chT1E 1920"]
[Site "Slovakia"]
[Date "2020.06.20"]
[Round "10.6"]
[White "Kacir, Tomas1111"]
[Black "Hanko, Pavol"]
[Result "0-1"]
[WhiteElo "1729"]
[BlackElo "2104"]
[PlyCount "50"]
[EventDate "2019.10.12"]
[EventType "team-tourn"]
[EventRounds "11"]
[EventCountry "SVK"]
[SourceTitle "EXT 2022"]
[Source "ChessBase"]
[SourceDate "2021.10.06"]
[SourceVersion "1"]
[SourceVersionDate "2021.10.06"]
[SourceQuality "1"]
[WhiteTeam "Sabinov"]
[BlackTeam "Dunajov Inbest II"]
[WhiteTeamCountry "SVK"]
[BlackTeamCountry "SVK"]

1. e4 c5 2. Nf3 e6 3. d4 cxd4 4. Nxd4 Nf6 5. Bg5 Qa5+ 6. Qd2 Bb4 7. c3 Nxe4 8. cxb4 Qxg5 9. Qxg5 Nxg5 10. Nb5 Na6 11. Nd6+ Ke7 12. Bxa6 bxa6 13. Nxc8+ Rhxc8 14. Nc3 f5 15. Rc1 Rab8 16. a3 a5 17. bxa5 Rxb2 18. 0-0 Rb3 19. Nd5+ Kd8 20. Rxc8+ Kxc8 21. Rc1+ Kd8 22. Ne3 Rxa3 23. Nc4 Ra4 24. f3 Nf7 25. Kf2 d5 0-1

[Event "SVK-chT 1920"]
[Site "Slovakia"]
[Date "2020.01.19"]
[Round "6.3"]
[White "Hanko, Pavol"]
[Black "Bombek, Peter"]
[Result "1/2-1/2"]
[WhiteElo "2114"]
[BlackElo "2151"]
[PlyCount "56"]
[EventDate "2019.10.19"]
[EventType "team-tourn"]
[EventRounds "11"]
[EventCountry "SVK"]
[SourceTitle "CBM 194 Extra"]
[Source "ChessBase"]
[SourceDate "2020.03.31"]
[SourceVersion "1"]
[SourceVersionDate "2020.03.31"]
[SourceQuality "1"]
[WhiteTeam "Dunajov Inbest"]
[BlackTeam "Dubnica nad Vahom"]
[WhiteTeamCountry "SVK"]
[BlackTeamCountry "SVK"]

1. d4 d5 2. Nf3 Nf6 3. c4 e6 4. Bg5 Be7 5. e3 h6 6. Bh4 0-0 7. Nc3 b6 8. Be2 dxc4 9. Bxc4 Bb7 10. 0-0 Nbd7 11. Qe2 Ne4 12. Bxe7 Nxc3 13. bxc3 Qxe7 14. Ba6 Bxa6 15. Qxa6 c5 16. a4 Rfc8 17. h3 Nf6 18. c4 Rc7 19. Rfc1 Rac8 20. a5 cxd4 21. exd4 Nd5 22. axb6 axb6 23. Qb5 Qb4 24. Qxb4 Nxb4 25. Nd2 Rd7 26. Nb3 Rdc7 27. Nd2 Rd7 28. Nb3 Rdc7 1/2-1/2

[Event "EU-Cup 35th"]
[Site "Ulcinj"]
[Date "2019.11.10"]
[Round "1.12"]
[White "Seresin, Francesco"]
[Black "Hanko, Pavol"]
[Result "1-0"]
[WhiteElo "2367"]
[BlackElo "2114"]
[PlyCount "95"]
[EventDate "2019.11.10"]
[EventType "team-swiss"]
[EventRounds "7"]
[EventCountry "MNE"]
[SourceTitle "CBM 193 Extra"]
[Source "ChessBase"]
[SourceDate "2020.01.31"]
[SourceVersion "1"]
[SourceVersionDate "2020.01.31"]
[SourceQuality "1"]
[WhiteTeam "WorldtradingLab"]
[BlackTeam "Dunajov Inbest"]
[WhiteTeamCountry "ITA"]
[BlackTeamCountry "SVK"]

1. d4 Nf6 2. c4 g6 3. Nf3 Bg7 4. g3 0-0 5. Bg2 d6 6. 0-0 Nc6 7. Nc3 a6 8. d5 Na5 9. b3 c5 10. dxc6 bxc6 11. Bd2 Rb8 12. Qc1 c5 13. Bh6 Bb7 14. h3 Nc6 15. Rd1 e5 16. Bxg7 Kxg7 17. e3 Qe7 18. Qb2 Kg8 19. Ng5 Na5 20. Bxb7 Nxb7 21. Qc2 h6 22. Nge4 Nxe4 23. Qxe4 Qe6 24. Kg2 f5 25. Qc6 g5 26. Qxa6 f4 27. Qc6 fxe3 28. fxe3 Qf5 29. Qd5+ Kg7 30. Rd2 Rf7 31. Qe4 Qe6 32. Qg4 Qg6 33. h4 Rbf8 34. hxg5 hxg5 35. Ne4 Rf5 36. Rh1 Kf7 37. Qh5 Qxh5 38. Rxh5 Kg6 39. g4 Rf1 40. Rxg5+ Kh6 41. Rh5+ Kg7 42. Rf5 R1xf5 43. gxf5 Rxf5 44. Nxd6 Nxd6 45. Rxd6 Rf8 46. Rd5 Ra8 47. Rxc5 Rxa2+ 48. Kf3 1-0

[Event "SVK-chT 1718"]
[Site "Slovakia"]
[Date "2017.12.10"]
[Round "6.5"]
[White "Jozefek, Michal"]
[Black "Hanko, Pavol"]
[Result "1-0"]
[WhiteElo "2198"]
[BlackElo "2087"]
[PlyCount "61"]
[EventDate "2017.09.30"]
[EventType "team-tourn"]
[EventRounds "11"]
[EventCountry "SVK"]
[SourceTitle "EXT 2019"]
[Source "ChessBase"]
[SourceDate "2018.10.10"]
[SourceVersion "1"]
[SourceVersionDate "2018.10.10"]
[SourceQuality "1"]
[WhiteTeam "Osuske"]
[BlackTeam "Dunajov Inbest"]
[WhiteTeamCountry "SVK"]
[BlackTeamCountry "SVK"]

1. d4 Nf6 2. c4 g6 3. Nc3 Bg7 4. e4 d6 5. Be2 0-0 6. Bg5 c5 7. d5 h6 8. Bf4 Nbd7 9. Qd2 Kh7 10. h4 h5 11. Nf3 Ne5 12. Nxe5 dxe5 13. Be3 b6 14. f3 a6 15. 0-0-0 Bd7 16. g4 b5 17. Rdg1 b4 18. Nd1 hxg4 19. h5 gxh5 20. fxg4 Rh8 21. g5 Ne8 22. Bxh5 Kg8 23. Bxc5 Rc8 24. Bxf7+ Kxf7 25. Qf2+ Nf6 26. gxf6 Bxf6 27. b3 Rb8 28. Qg2 Qg8 29. Rxh8 Qxh8 30. Qg6+ Kf8 31. Rf1 1-0

[Event "SVK-chT1W 1617"]
[Site "Slovakia"]
[Date "2017.02.26"]
[Round "9.2"]
[White "Petran, Peter"]
[Black "Hanko, Pavol"]
[Result "1-0"]
[WhiteElo "2314"]
[BlackElo "2125"]
[PlyCount "155"]
[EventDate "2016.10.15"]
[EventType "team-tourn"]
[EventRounds "11"]
[EventCountry "SVK"]
[SourceTitle "EXT 2018"]
[Source "ChessBase"]
[SourceDate "2017.10.13"]
[SourceVersion "1"]
[SourceVersionDate "2017.10.13"]
[SourceQuality "1"]
[WhiteTeam "Bratislava Slovan II"]
[BlackTeam "Prievidza"]
[WhiteTeamCountry "SVK"]
[BlackTeamCountry "SVK"]

1. g3 Nf6 2. Bg2 g6 3. e4 d6 4. d4 Bg7 5. Nc3 0-0 6. Nge2 e5 7. h3 c6 8. a4 Nbd7 9. Be3 Re8 10. 0-0 Nf8 11. Qd2 Ne6 12. d5 Nc7 13. b4 Rf8 14. Rfd1 Nfe8 15. g4 cxd5 16. exd5 f5 17. f3 e4 18. Bg5 Bf6 19. Bxf6 Nxf6 20. gxf5 exf3 21. Bxf3 Bxf5 22. Bg2 Nh5 23. Kh2 Qf6 24. Rf1 Qe5+ 25. Kg1 Rae8 26. Nd4 Qe3+ 27. Qxe3 Rxe3 28. Ncb5 Ne8 29. Nxf5 gxf5 30. Nxa7 f4 31. Rf3 Re5 32. c4 Nef6 33. Nb5 Ne4 34. Rd3 Ng5 35. Nd4 Ng3 36. h4 N5e4 37. Nf3 Re7 38. Ng5 Rc8 39. Nxe4 Nxe4 40. Rd4 Nc3 41. Kf2 Re2+ 42. Kf1 Rb2 43. Bh3 Rc7 44. c5 Ne2 45. cxd6 Rg7 46. d7 Rxd7 47. Bxd7 Nxd4 48. b5 Nc2 49. Rc1 Ne3+ 50. Kg1 f3 51. Bh3 f2+ 52. Kh1 Re2 53. Rc8+ Kf7 54. d6 Re1+ 55. Kh2 Rg1 56. Rc7+ Kg6 57. h5+ Kh6 58. Rf7 Ng4+ 59. Bxg4 f1Q 60. Rxf1 Rxf1 61. d7 Rf8 62. a5 Rd8 63. a6 bxa6 64. bxa6 Kg5 65. Kg3 Kf6 66. a7 Ke7 67. Bf3 Kxd7 68. Kf4 Ke7 69. Ke5 Kf7 70. Bd5+ Kg7 71. Ke6 Kh6 72. Ke7 Rc8 73. Bb7 Rg8 74. Bd5 Rc8 75. Bb7 Rg8 76. Kd6 Rf8 77. Kc7 Rg8 78. Bc8 1-0

[Event "SVK-chT1W 1617"]
[Site "Slovakia"]
[Date "2016.11.19"]
[Round "3.1"]
[White "Hanko, Pavol"]
[Black "Chovan, Milan"]
[Result "0-1"]
[WhiteElo "2125"]
[BlackElo "2283"]
[PlyCount "96"]
[EventDate "2016.10.15"]
[EventType "team-tourn"]
[EventRounds "11"]
[EventCountry "SVK"]
[SourceTitle "EXT 2018"]
[Source "ChessBase"]
[SourceDate "2017.10.13"]
[SourceVersion "1"]
[SourceVersionDate "2017.10.13"]
[SourceQuality "1"]
[WhiteTeam "Prievidza"]
[BlackTeam "Nitra ASK"]
[WhiteTeamCountry "SVK"]
[BlackTeamCountry "SVK"]

1. d4 Nf6 2. Nf3 g6 3. c4 Bg7 4. Nc3 d5 5. cxd5 Nxd5 6. Bd2 0-0 7. e4 Nb6 8. Be3 Bg4 9. d5 c6 10. Bd4 Bxf3 11. gxf3 Bxd4 12. Qxd4 e5 13. Qd2 Qf6 14. Qe3 Rd8 15. 0-0-0 Na6 16. Bxa6 bxa6 17. dxc6 Qxc6 18. Rxd8+ Rxd8 19. Rd1 Rxd1+ 20. Kxd1 Nc4 21. Qxa7 Nxb2+ 22. Kc2 Nc4 23. Qb8+ Kg7 24. Qb4 a5 25. Qe7 Qb6 26. Nd1 Qd4 27. Ne3 Nxe3+ 28. fxe3 Qc4+ 29. Kb2 Qe2+ 30. Ka3 Qxe3+ 31. Ka4 Qc3 32. Qa3 Qc2+ 33. Kxa5 Qxh2 34. Kb4 h5 35. Qc3 h4 36. a4 Qf4 37. a5 h3 38. a6 h2 39. Qa1 Qd2+ 40. Kc4 Qe2+ 41. Kc5 Qe3+ 42. Kc6 Qd4 43. Qxd4 exd4 44. a7 h1Q 45. a8Q Qxf3 46. Kd5 d3 47. Qa1+ Kh7 48. Qe1 Qe2 0-1